• 首页
  • 本馆介绍
  • 公告通知
  • 最新文献
  • 馆藏检索
  • 电子资源
  • 读者导购
  • 参考咨询
  • 我的图书馆
  • 登录
  • 详细信息显示
  • 放入我的书架
  • 预约/预借图书
  • 作者相关作品
  • 分类相关作品
  • 丛书相关作品
  • 出版社相关作品

书目信息

  • 表格格式
  • 工作单格式
  • 卡片格式
题名:
硬笔楷书临摹字贴
    
 
作者: 张学鹏 著
分册:  
出版信息: 北京   中国国际广播出版社  1997
页数: 94页
开本: 26cm
丛书名:
单 册:
中图分类: J292.12
科图分类:
主题词: 硬笔字—楷书—法贴
电子资源:
ISBN: 7-5078-1460-2
000 00559nam0 2200193 450
001 0759655759
005 20070702164417.78
010    @a7-5078-1460-2@dCNY13.00
100    @a20070604d1997 km y0chiy0120 ea
101 0  @achi
102    @aCN@b110000
200 1  @a硬笔楷书临摹字贴@Aying bi kai shu lin mo zi tie@f张学鹏著@Fzhang xue peng zhu
210    @a北京@c中国国际广播出版社@d1997
215    @a94页@d26cm
606 0  @a硬笔字—楷书—法贴
690    @aJ292.12
701  0 @a张学鹏@Azhang xue peng@4著
801  0 @aCN@bPFT@c20070702
905    @a10447@dJ292.12@e148
    
    硬笔楷书临摹字贴/张学鹏著.-北京:中国国际广播出版社,1997
    94页;26cm
    
    
    ISBN 7-5078-1460-2:CNY13.00
    
●
相关链接 在E读中查询图书 在五车中查询图书 在当当中查询图书 在豆瓣中查询图书


正题名:硬笔楷书临摹字贴     索取号:J292.12/148         预约/预借

序号 登录号 条形码 馆藏地/架位号 状态 备注
1 0511263   205112634   第一样本阅览室/ [索取号:J292.12/148] 在馆    
2 0511264   205112643   密集书库/ [索取号:J292.12/148] 在馆    
3 0511265   205112652   密集书库/ [索取号:J292.12/148] 在馆    
4 0511266   205112661   密集书库/ [索取号:J292.12/148] 在馆    
5 0511267   205112670   第一借阅区/ [索取号:J292.12/148] 在馆    
6 0511268   205112689   密集书库/ [索取号:J292.12/148] 在馆    
7 0653819   206538193   库房3/ [索取号:J292.12/148] 在馆    
8 0764370   207643709   密集书库/ [索取号:J292.12/148] 在馆    
9 0764371   207643718   密集书库/ [索取号:J292.12/148] 在馆    
唐山师范学院图书馆 欢迎您!
大连网信软件有限公司© 版权所有